Statistics for Country nicknames

Click here to take the quiz!

General Stats

  • This quiz has been taken 463 times
  • The average score is 12 of 15

Answer Stats

NicknameCountry% Correct
The Gift of the NileEgypt
97%
The BootItaly
97%
Uncle SamUSA
96%
Land Down UnderAustralia
92%
India’s TeardropSri Lanka
92%
The Great White NorthCanada
90%
The Holy LandIsrael
90%
Land of the IncasPeru
89%
L’hexagoneFrance
85%
The Emerald IsleIreland
85%
Land of Fire and IceIceland
82%
Land of Milk and HoneySwitzerland
69%
Graveyard of EmpiresAfghanistan
62%
Rainbow NationSouth Africa
57%
The Sunny Side of the AlpsSlovenia
47%

Score Distribution

Percentile by Number Answered

Percent of People with Each Score

Your Score History

You have not taken this quiz